000 00469 a2200169 4500
003 NUST
038 _aZahoor
040 _aDLC
_bDLC
082 _a621.3845 QUA
100 _aQualcomm
_980993
245 _aCDMA 2000 Voice Network Optimization (Student guide Book-2)
_cQualcomm
260 _aUSA :
_bQualcomm Incorporated,
_c2003.
300 _avii, p. (various pages) :
_bill. ;
_c26 cm.
563 _aHard Cover
650 _aCDMA
_980994
942 _cBK
_k621.3845 QUA
_2ddc
999 _c8369
_d8369